Basic documents on international trade law / (Record no. 22099)
[ view plain ]
| 000 -LEADER | |
|---|---|
| fixed length control field | 01481cam a22003135a 4500 |
| 001 - CONTROL NUMBER | |
| control field | 17381650 |
| 005 - DATE AND TIME OF LATEST TRANSACTION | |
| control field | 20160802105510.0 |
| 008 - FIXED-LENGTH DATA ELEMENTS--GENERAL INFORMATION | |
| fixed length control field | 120711s2012 ne frb 001 0 eng d |
| 010 ## - LIBRARY OF CONGRESS CONTROL NUMBER | |
| LC control number | 2012357302 |
| 020 ## - INTERNATIONAL STANDARD BOOK NUMBER | |
| International Standard Book Number | 9041125272 |
| 020 ## - INTERNATIONAL STANDARD BOOK NUMBER | |
| International Standard Book Number | 9789041125279 |
| 040 ## - CATALOGING SOURCE | |
| Original cataloging agency | DLC |
| Language of cataloging | eng |
| Transcribing agency | DLC |
| Modifying agency | EG-ScBUE |
| 042 ## - AUTHENTICATION CODE | |
| Authentication code | pcc |
| 082 04 - DEWEY DECIMAL CLASSIFICATION NUMBER | |
| Edition number | 22 |
| Classification number | 341.754 |
| Item number | BAS |
| 245 00 - TITLE STATEMENT | |
| Title | Basic documents on international trade law / |
| Statement of responsibility, etc | edited by Chia-Jui Cheng ; [with a foreword by Clive M. Schmitthoff]. |
| 250 ## - EDITION STATEMENT | |
| Edition statement | 4th rev. ed. |
| 260 ## - PUBLICATION, DISTRIBUTION, ETC. (IMPRINT) | |
| Place of publication, distribution, etc | Alphen aan den Rijn : |
| Name of publisher, distributor, etc | Kluwer Law International, |
| Date of publication, distribution, etc | c.2012. |
| 300 ## - PHYSICAL DESCRIPTION | |
| Extent | xxxix, 1692 p. ; |
| Dimensions | 24 cm. |
| 500 ## - GENERAL NOTE | |
| General note | Index : p. 1681-1692. |
| 504 ## - BIBLIOGRAPHY, ETC. NOTE | |
| Bibliography, etc | Bibliography : (p. [1635]-1680). |
| 505 ## - FORMATTED CONTENTS NOTE | |
| Formatted contents note | The concept, nature and development of international trade law --<br/>The law of international sale of goods -- The law of international transport -- The law of international payments -- The law of international insurance -- The law of international insurance --<br/>International intellectual property law -- The system of extrajudicial dispute settlement in international trade law. |
| 590 ## - LOCAL NOTE (RLIN) | |
| Local note | LC copy bound in 3 v. : v. 1, pts. 1-3, p. [1]-663 ; v. 2, pts. 4-6, p. [665]-1243 ; v. 3, pts. 7-8, p. [1245]-1692. |
| 650 #7 - SUBJECT ADDED ENTRY--TOPICAL TERM | |
| Topical term or geographic name as entry element | Commercial law. |
| Source of heading or term | BUEsh |
| 9 (RLIN) | 36787 |
| 650 #7 - SUBJECT ADDED ENTRY--TOPICAL TERM | |
| Topical term or geographic name as entry element | Foreign trade regulation. |
| Source of heading or term | BUEsh |
| 9 (RLIN) | 27887 |
| 651 ## - SUBJECT ADDED ENTRY--GEOGRAPHIC NAME | |
| Source of heading or term | BUEsh |
| 653 ## - INDEX TERM--UNCONTROLLED | |
| Resource For college | Law |
| Arrived date list | August 2016 |
| 700 1# - ADDED ENTRY--PERSONAL NAME | |
| Personal name | Cheng, Jiarui. |
| 9 (RLIN) | 40616 |
| Relator term | editor. |
| 942 ## - ADDED ENTRY ELEMENTS (KOHA) | |
| Source of classification or shelving scheme | Dewey Decimal Classification |
| Edition | 22 |
| Call number prefix | 341.754 BAS |
| Withdrawn status | Item status | Source of classification or shelving scheme | Damaged status | Not for loan | Vendor | Home library | Current library | Shelving location | Date acquired | Source of acquisition | Cost, normal purchase price | Serial Enumeration / chronology | Total Checkouts | Total Renewals | Full call number | Barcode | Date last seen | Date last borrowed | Cost, replacement price | Koha item type |
|---|---|---|---|---|---|---|---|---|---|---|---|---|---|---|---|---|---|---|---|---|
| Dewey Decimal Classification | Baccah | Central Library | Central Library | First floor | 02/08/2016 | Purchase | 1950.00 | 26080 | 2 | 8 | 341.754 BAS | 000033057 | 15/07/2025 | 16/10/2023 | 2437.50 | Book - Borrowing |